Những áng văn hay về tình yêu
Sách gồm 6 phần. Phần 1: Về tình yêu; Phần 2: Về kết hôn; Phần 3: Về quan hệ vợ chồng; Phần 4: Về giới tính; Phần 5: Về sự chia tay; Phần 6: Bi hài kịch khi yêu
Spremljeno u:
| Glavni autor: | |
|---|---|
| Format: | Knjiga |
| Jezik: | Undetermined |
| Izdano: |
Hà Nội
Phụ nữ
2001
|
| Teme: | |
| Oznake: |
Dodaj oznaku
Bez oznaka, Budi prvi tko označuje ovaj zapis!
|
| Thư viện lưu trữ: | Trung tâm Học liệu Trường Đại học Cần Thơ |
|---|
| LEADER | 00864nam a2200181Ia 4500 | ||
|---|---|---|---|
| 001 | CTU_42904 | ||
| 008 | 210402s9999 xx 000 0 und d | ||
| 082 | |a 177.7 | ||
| 082 | |b Nh552 | ||
| 100 | |a Những áng văn hay về tình yêu | ||
| 245 | 0 | |a Những áng văn hay về tình yêu | |
| 245 | 0 | |c Những áng văn hay về tình yêu; Dịch giả: Thanh Hà, Việt Anh | |
| 260 | |a Hà Nội | ||
| 260 | |b Phụ nữ | ||
| 260 | |c 2001 | ||
| 520 | |a Sách gồm 6 phần. Phần 1: Về tình yêu; Phần 2: Về kết hôn; Phần 3: Về quan hệ vợ chồng; Phần 4: Về giới tính; Phần 5: Về sự chia tay; Phần 6: Bi hài kịch khi yêu | ||
| 650 | |a love,love in literature,love stories,marriage | ||
| 980 | |a Trung tâm Học liệu Trường Đại học Cần Thơ | ||